College Quizbowl Stats
College Quizbowl Stats
Circuits
Seasons
Sets
Records
Detailed Stats
About
Loading...
2023 ACF Nationals
Tossups
Bonuses
Players
Teams
Categories (Tossup)
Categories (Bonus)
Cyrus Zhou
WUSTL A
Categories
Category
Powers
Gets
Negs
BBs
Points
Earliest Buzz
Avg. Buzz
First Buzzes
Top 3 Buzzes
BPA
PVF
Fine Arts - Painting & Sculpture
0
1
0
0
10
123
123.00
0
0
0.00
0.00
History - Other
0
1
0
0
10
49
49.00
0
1
0.00
0.00
Science - Chemistry
0
1
0
1
10
146
146.00
0
0
0.00
0.00
History - World
0
0
1
0
-5
0.00
0
0
0.00
0.00
Buzzes
Category
Answer
Value
Buzz Position
History - Other
Liú Bāng
10
49
History - World
Kāifēng
-5
71
Fine Arts - Painting & Sculpture
Hermitage Museum
10
123
Science - Chemistry
carboxylate
10
146
Previous
1
Next